'Friends' and 'Seinfeld': Common Names Quiz Stats

 Plays Quiz Updated Aug 13, 2017

Challenge
Share
Tweet
Embed
Score 0/10 Timer 03:00
0 Plays Today
% Correct
Estelle
95.4%
Susan
95%
Frank
94%
Rachel
92.7%
Amy
90.9%
David
86.5%
Jack
86.4%
Mike
82.8%
Gary
79.2%
Bob
79%

You're not logged in!

Compare scores with friends on all Sporcle quizzes.
Join for Free
OR
Log In

You Might Also Like...

Show Comments

Extras

Top Quizzes Today


Score Distribution

Your Account Isn't Verified!

In order to create a playlist on Sporcle, you need to verify the email address you used during registration. Go to your Sporcle Settings to finish the process.

Report this User

Report this user for behavior that violates our Community Guidelines.

Details: